| 000 | 00350nam a2200109Ia 4500 | ||
|---|---|---|---|
| 008 | 171204s9999 xx 000 0 und d | ||
| 245 | 4 | _aThe 30 Day MBA in Marketing: Your Fast Track Guide to Business Success | |
| 245 | _cColin Barrow | ||
| 260 | _c2016 | ||
| 650 | _xPRINCIPLES OF MARKETING | ||
| 856 | _uhttp://down.ebook777.com/062/9780749474980.pdf | ||
| 999 |
_c345748 _d345748 |
||